| 000 -LEADER |
| fixed length control field |
02235nam a2200469Ia 4500 |
| 020 ## - INTERNATIONAL STANDARD BOOK NUMBER |
| ISBN |
0026555271 (Level 1, mixed voices) |
| 020 ## - INTERNATIONAL STANDARD BOOK NUMBER |
| ISBN |
0026555360 (Level 1, mixed voices, teacher's wraparound ed.) |
| 020 ## - INTERNATIONAL STANDARD BOOK NUMBER |
| ISBN |
0026555387 (Level 1, mixed voices, piano acc.) |
| 020 ## - INTERNATIONAL STANDARD BOOK NUMBER |
| ISBN |
002655528X (Level 1, tenorbass voices) |
| 020 ## - INTERNATIONAL STANDARD BOOK NUMBER |
| ISBN |
0026555395 (Level 1, tenorbass voices, teacher's wraparound ed.) |
| 020 ## - INTERNATIONAL STANDARD BOOK NUMBER |
| ISBN |
0026555425 (Level 1, tenorbass voices, piano acc.) |
| 020 ## - INTERNATIONAL STANDARD BOOK NUMBER |
| ISBN |
0026555298 (Level 1, treble voices) |
| 020 ## - INTERNATIONAL STANDARD BOOK NUMBER |
| ISBN |
0026555433 (Level 1, treble voices, teacher's wraparound ed.) |
| 020 ## - INTERNATIONAL STANDARD BOOK NUMBER |
| ISBN |
002655545X (Level 1, treble voices, piano acc.) |
| 020 ## - INTERNATIONAL STANDARD BOOK NUMBER |
| ISBN |
0026555379 (Level 1, teacher's resource binder) |
| 020 ## - INTERNATIONAL STANDARD BOOK NUMBER |
| ISBN |
002655531X (Level 2, mixed voices) |
| 020 ## - INTERNATIONAL STANDARD BOOK NUMBER |
| ISBN |
0026555468 (Level 2, mixed voices, teacher's wraparound ed.) |
| 020 ## - INTERNATIONAL STANDARD BOOK NUMBER |
| ISBN |
0026555484 (Level 2, mixed voices, piano acc.) |
| 020 ## - INTERNATIONAL STANDARD BOOK NUMBER |
| ISBN |
0026555476 (Level 2, mixed voices, teacher's resource binder) |
| 020 ## - INTERNATIONAL STANDARD BOOK NUMBER |
| ISBN |
0026555328 (Level 3, mixed voices) |
| 020 ## - INTERNATIONAL STANDARD BOOK NUMBER |
| ISBN |
0026555514 (Level 3, mixed voices, teacher's wraparound ed.) |
| 020 ## - INTERNATIONAL STANDARD BOOK NUMBER |
| ISBN |
0026555530 (Level 3, mixed voices, piano acc.) |
| 020 ## - INTERNATIONAL STANDARD BOOK NUMBER |
| ISBN |
0026555336 (Level 3, tenorbass voices) |
| 020 ## - INTERNATIONAL STANDARD BOOK NUMBER |
| ISBN |
0026555549 (Level 3, tenorbass voices, teacher's wraparound ed.) |
| 020 ## - INTERNATIONAL STANDARD BOOK NUMBER |
| ISBN |
0026555565 (Level 3, mixed voices, piano acc.) |
| 020 ## - INTERNATIONAL STANDARD BOOK NUMBER |
| ISBN |
0026555344 (Level 3, treble voices) |
| 020 ## - INTERNATIONAL STANDARD BOOK NUMBER |
| ISBN |
0026555573 (Level 3, treble voices, teacher's wraparound ed |
| 020 ## - INTERNATIONAL STANDARD BOOK NUMBER |
| ISBN |
002655559X (Level 3, treble voices, piano acc.) |
| 020 ## - INTERNATIONAL STANDARD BOOK NUMBER |
| ISBN |
0026555522 (Level 3, teacher's resource binder) |
| 020 ## - INTERNATIONAL STANDARD BOOK NUMBER |
| ISBN |
0026555352 (Level 4, mixed voices) |
| 020 ## - INTERNATIONAL STANDARD BOOK NUMBER |
| ISBN |
0026555611 (Level 4, mixed voices, teacher's wraparound ed.) |
| 020 ## - INTERNATIONAL STANDARD BOOK NUMBER |
| ISBN |
0026555638 (Level 4, mixed voices, piano acc.) |
| 020 ## - INTERNATIONAL STANDARD BOOK NUMBER |
| ISBN |
002655562X (Level 4, mixed voices, teacher's resource binder) |
| 040 ## - CATALOGING SOURCE |
| Transcribing agency |
NRC |
| 082 ## - DEWEY DECIMAL CLASSIFICATION NUMBER |
| Classification number |
935 GLE 1997 A104 Or. |
| 100 1# - MAIN ENTRY--AUTHOR NAME |
| Personal name |
Tower, Mollie G |
| 245 10 - TITLE STATEMENT |
| Title |
Choral connections / |
| 260 ## - PUBLICATION, DISTRIBUTION, ETC. (IMPRINT) |
| Place of publication |
New York, N.Y. : |
| Name of publisher |
Glencoe/McGraw-Hill, |
| Year of publication |
c1997 |
| 300 ## - PHYSICAL DESCRIPTION |
| Number of Pages |
1 kit (7-Level 1 resources, 2-Level 2 resources, 7-Level 3 resources, 3-Level 4 resources) |
| 650 #0 - SUBJECT ADDED ENTRY--TOPICAL TERM |
| Topical Term |
Choral music |
| 942 ## - ADDED ENTRY ELEMENTS (KOHA) |
| Koha item type |
សៀវភៅភាសាអង់គ្លេស |
| 952 ## - LOCATION AND ITEM INFORMATION (KOHA) |
| Withdrawn status [LOCAL, KOHA] |
0 |